000 00283nam a22001217a 4500
082 _a540
_bGUP/S
100 _aANAMIKA GUPTA
245 _aSIMPLIFIED CHEMISTRY
_bCLASS XII
260 _aDELHI
_bASIAQN PUBLISHERS
300 _a748
650 _aCHEMISTRY FOR CLASS XII
_zINDIA
942 _cBK
999 _c708
_d708